000 00588cam a22002051a 4500
001 sa 68014344
003 DLC
005 20260227112630.0
008 940329s1966 io 000 1 jav
010 _asa 68014344
025 _aPL480:Indo-4870
035 _a(OCoLC)30051284
040 _aDLC
_cCU
_dWU
_dDLC
042 _apremarc
050 0 0 _aPL5179.H325
_bT5
100 0 _aHarjana H. P.
_q(Harjana Hadipranata),
_d1939-
245 1 0 _aTibaning katresnan /
_ckarangané Hardjana HP; Gambar: I.M.B. Sumantri.
260 _aSala :
_b"Mutiara Press,"
_c1966.
300 _a74 p. ;
_c15 cm.
999 _c85714
_d85714